[Event "CAN-op"]
[Site "Edmonton CAN"]
[Date "2005.07.14"]
[Round "7"]
[White "Campbell, Brett"]
[Black "Tang, Edward"]
[Result "1-0"]
[WhiteElo "2250"]
[BlackElo "2022"]
[PlyCount "81"]
[GameId "2160767910901892"]
[EventDate "2005.07.09"]
[EventType "swiss"]
[EventRounds "10"]
[EventCountry "CAN"]
[SourceTitle "CBM 107 Extra"]
[Source "ChessBase"]
[SourceDate "2005.09.01"]
[SourceVersion "1"]
[SourceVersionDate "2005.09.01"]
[SourceQuality "1"]

1. Nf3 g6 2. g3 Bg7 3. c4 d6 4. d4 Nf6 5. Nc3 O-O 6. Bg2 c6 7. O-O Qa5 8. e4 Bg4 9. h3 Bxf3 10. Bxf3 Nfd7 11. Be3 Qb4 12. Qb3 a5 13. Be2 Na6 14. Qc2 Qb6 15. Qd2 c5 16. d5 Nc7 17. Nb5 a4 18. Nxc7 Qxc7 19. Bh6 Qa5 20. Qxa5 Rxa5 21. Bxg7 Kxg7 22. f4 Raa8 23. h4 h5 24. Rfe1 f6 25. Reb1 Ra7 26. Kf2 Rh8 27. Rh1 Ra6 28. Rac1 Rb6 29. Rc2 Rb4 30. Ke3 Nb6 31. Bd3 Nd7 32. Kd2 Rb6 33. Kc3 Ra6 34. Rg2 Raa8 35. g4 hxg4 36. Rxg4 Kf7 37. e5 f5 38. e6+ Kf6 39. Rg5 Nf8 40. h5 gxh5 41. Rhxh5 1-0

[Event "CAN-op"]
[Site "Edmonton CAN"]
[Date "2005.07.14"]
[Round "7"]
[White "Cannon, Farley"]
[Black "Rivas Cabrera, Edgar"]
[Result "0-1"]
[WhiteElo "1432"]
[BlackElo "1764"]
[PlyCount "74"]
[GameId "2160767910901893"]
[EventDate "2005.07.09"]
[EventType "swiss"]
[EventRounds "10"]
[EventCountry "CAN"]
[SourceTitle "CBM 107 Extra"]
[Source "ChessBase"]
[SourceDate "2005.09.01"]
[SourceVersion "1"]
[SourceVersionDate "2005.09.01"]
[SourceQuality "1"]

1. e4 c6 2. d4 d5 3. e5 Bf5 4. Nf3 e6 5. Be2 Nd7 6. Nh4 Qxh4 7. Nc3 Bb4 8. Be3 Nh6 9. h3 Bxc3+ 10. bxc3 Bg6 11. Qd2 Qe7 12. Rb1 Nb6 13. g4 Ng8 14. Rb2 Qa3 15. Rb1 Qxa2 16. Rc1 Nc4 17. Bxc4 Qxc4 18. h4 h5 19. g5 Ne7 20. Rh3 O-O 21. Rb1 b5 22. Bf4 a5 23. Qe2 Qxe2+ 24. Kxe2 Bxc2 25. Ra1 Bb3 26. Rg1 Bc4+ 27. Kf3 a4 28. g6 Nxg6 29. Rg5 Nxf4 30. Kxf4 g6 31. Rhg3 Kh7 32. Ke3 a3 33. Rg1 a2 34. Ra1 Ra3 35. Kd2 Rfa8 36. Rgg1 R8a4 37. Rg3 Kh6 0-1

[Event "CAN-op"]
[Site "Edmonton CAN"]
[Date "2005.07.14"]
[Round "7"]
[White "Caron, Harvey"]
[Black "Oberton, Daniel"]
[Result "0-1"]
[WhiteElo "1741"]
[BlackElo "1656"]
[PlyCount "102"]
[GameId "2160767910901894"]
[EventDate "2005.07.09"]
[EventType "swiss"]
[EventRounds "10"]
[EventCountry "CAN"]
[SourceTitle "CBM 107 Extra"]
[Source "ChessBase"]
[SourceDate "2005.09.01"]
[SourceVersion "1"]
[SourceVersionDate "2005.09.01"]
[SourceQuality "1"]

1. e4 c5 2. Nf3 d6 3. d4 cxd4 4. Nxd4 Nf6 5. Nc3 g6 6. Bc4 Bg7 7. f3 O-O 8. Be3 Nc6 9. Qd2 Bd7 10. O-O-O Rc8 11. Be2 Ne5 12. g4 a6 13. h4 Nc4 14. Bxc4 Rxc4 15. Qf2 Qc7 16. h5 Rxc3 17. bxc3 Qxc3 18. Ne2 Qa1+ 19. Kd2 Qxa2 20. Nc3 Qa5 21. Bb6 Nxe4+ 22. fxe4 Qxc3+ 23. Kc1 Qb2+ 24. Kd2 Bc3+ 25. Kd3 Be5 26. Bd4 Bxd4 27. Qxd4 Bb5+ 28. Ke3 Qxc2 29. Rd2 Qc5 30. Qxc5 dxc5 31. hxg6 fxg6 32. g5 Bc6 33. Rdh2 Rf7 34. Rc1 b6 35. Rb2 Bb5 36. Rd1 Rf8 37. Rh2 c4 38. Rdh1 Rf7 39. Rb2 e5 40. Rxb5 axb5 41. Rb1 Rc7 42. Rxb5 c3 43. Rb1 b5 44. Kd3 b4 45. Kc2 Rc4 46. Re1 Rd4 47. Kb3 h6 48. gxh6 Kh7 49. Re2 Kxh6 50. Rh2+ Kg7 51. Re2 g5 0-1

[Event "CAN-op"]
[Site "Edmonton CAN"]
[Date "2005.07.14"]
[Round "7"]
[White "Cashin, Ken"]
[Black "Dean, Tim"]
[Result "1/2-1/2"]
[WhiteElo "1761"]
[BlackElo "2002"]
[PlyCount "70"]
[GameId "2160767910901895"]
[EventDate "2005.07.09"]
[EventType "swiss"]
[EventRounds "10"]
[EventCountry "CAN"]
[SourceTitle "CBM 107 Extra"]
[Source "ChessBase"]
[SourceDate "2005.09.01"]
[SourceVersion "1"]
[SourceVersionDate "2005.09.01"]
[SourceQuality "1"]

1. e4 e5 2. Nf3 Nc6 3. Bb5 a6 4. Ba4 Nf6 5. O-O Be7 6. Re1 b5 7. Bb3 O-O 8. a4 Bb7 9. d3 d6 10. Nc3 b4 11. Ne2 Na5 12. Ba2 Bc8 13. Ng3 Be6 14. Bxe6 fxe6 15. d4 Nc6 16. b3 exd4 17. Nxd4 Nxd4 18. Qxd4 c5 19. Qc4 d5 20. exd5 exd5 21. Qe2 Bd6 22. Qe6+ Kh8 23. Bg5 Re8 24. Qf5 Bxg3 25. hxg3 Qd6 26. Bxf6 gxf6 27. f4 d4 28. Kf2 Re3 29. Rh1 Qe7 30. Rh6 Re2+ 31. Kg1 Rf8 32. Kh2 Re4 33. Rxh7+ Kg8 34. Qxe4 Qxe4 35. Rc7 Qe3 1/2-1/2

[Event "CAN-op"]
[Site "Edmonton CAN"]
[Date "2005.07.14"]
[Round "7"]
[White "Chan, Michael2"]
[Black "Wilson, Jonathan"]
[Result "1/2-1/2"]
[WhiteElo "1700"]
[BlackElo "2293"]
[PlyCount "130"]
[GameId "2160767910901896"]
[EventDate "2005.07.09"]
[EventType "swiss"]
[EventRounds "10"]
[EventCountry "CAN"]
[SourceTitle "CBM 107 Extra"]
[Source "ChessBase"]
[SourceDate "2005.09.01"]
[SourceVersion "1"]
[SourceVersionDate "2005.09.01"]
[SourceQuality "1"]

1. d4 d5 2. Nf3 Nf6 3. Bf4 g6 4. e3 Bg7 5. c4 Nbd7 6. cxd5 Nxd5 7. Bg3 O-O 8. Bc4 N7b6 9. Bb3 Be6 10. Nc3 Rc8 11. Ng5 Nxc3 12. bxc3 Bxb3 13. axb3 Qd5 14. Nf3 a6 15. c4 Qd7 16. O-O Rfd8 17. Be5 f6 18. Bg3 e5 19. dxe5 Qf5 20. Nd4 Qg5 21. Qf3 fxe5 22. Ne6 e4 23. Qxe4 Qe7 24. Qg4 Bxa1 25. Nxd8 Rxd8 26. Rxa1 Rd3 27. Bh4 Qe5 28. Rd1 Rxb3 29. Qf3 Kg7 30. c5 Qxc5 31. Qf6+ Kh6 32. Qf4+ Kg7 33. Bf6+ Kf7 34. Bd4+ Qf5 35. Qxc7+ Qd7 36. Qc2 Qb5 37. Qc7+ Nd7 38. Qf4+ Qf5 39. Qxf5+ gxf5 40. Kf1 Ke6 41. Ke2 b5 42. Rc1 Ne5 43. Bxe5 Kxe5 44. Rc5+ Kd6 45. Rxf5 a5 46. Kd2 a4 47. Kc2 Rb4 48. h4 a3 49. Rf6+ Kc5 50. Kc3 Ra4 51. Rf5+ Kd6 52. Rf4 b4+ 53. Kb3 a2 54. Kxa4 a1=Q+ 55. Kxb4 Qb2+ 56. Kc4 Qc2+ 57. Kd4 Qc5+ 58. Kd3 Ke5 59. g4 Qd5+ 60. Ke2 Qh1 61. h5 Qh4 62. Rf5+ Ke6 63. f3 Qh2+ 64. Kd3 Qd6+ 65. Ke2 Qh2+ 1/2-1/2

[Event "CAN-op"]
[Site "Edmonton CAN"]
[Date "2005.07.14"]
[Round "7"]
[White "Chi, Jonathan"]
[Black "Zaczek, Jonathon"]
[Result "0-1"]
[WhiteElo "1744"]
[BlackElo "2017"]
[PlyCount "82"]
[GameId "2160767910901898"]
[EventDate "2005.07.09"]
[EventType "swiss"]
[EventRounds "10"]
[EventCountry "CAN"]
[SourceTitle "CBM 107 Extra"]
[Source "ChessBase"]
[SourceDate "2005.09.01"]
[SourceVersion "1"]
[SourceVersionDate "2005.09.01"]
[SourceQuality "1"]

1. d4 Nf6 2. c4 g6 3. Nc3 d5 4. cxd5 Nxd5 5. e4 Nxc3 6. bxc3 Bg7 7. Qb3 c5 8. d5 O-O 9. Be3 Qa5 10. Rc1 Nd7 11. Nf3 Rd8 12. Bd3 a6 13. O-O b5 14. c4 b4 15. Bg5 f6 16. Bf4 Qb6 17. a3 a5 18. axb4 cxb4 19. Be3 Nc5 20. Rb1 Bd7 21. Nd2 Nxb3 22. Bxb6 Nxd2 23. Bxd8 Rxd8 24. c5 Nxf1 25. Kxf1 f5 26. f3 Bc3 27. c6 fxe4 28. fxe4 Bc8 29. Bc4 Rd6 30. Rc1 Kg7 31. Rc2 a4 32. Ke2 Kf6 33. Kd3 Ke5 34. Bb5 e6 35. Bc4 exd5 36. Bxd5 Rxd5+ 37. exd5 Bf5+ 38. Kc4 Bxc2 39. g4 Kd6 40. Kb5 b3 41. Kb6 b2 0-1

[Event "CAN-op"]
[Site "Edmonton CAN"]
[Date "2005.07.14"]
[Round "7"]
[White "Conner, Kris"]
[Black "Haley, Phil"]
[Result "1-0"]
[WhiteElo "1586"]
[BlackElo "1772"]
[PlyCount "41"]
[GameId "2160767910901899"]
[EventDate "2005.07.09"]
[EventType "swiss"]
[EventRounds "10"]
[EventCountry "CAN"]
[SourceTitle "CBM 107 Extra"]
[Source "ChessBase"]
[SourceDate "2005.09.01"]
[SourceVersion "1"]
[SourceVersionDate "2005.09.01"]
[SourceQuality "1"]

1. e4 d6 2. d4 Nf6 3. Nc3 c6 4. Bg5 Nbd7 5. f4 Qa5 6. Bd3 Qb4 7. Nge2 Qxb2 8. Rb1 Qa3 9. O-O Qa5 10. e5 dxe5 11. fxe5 Nd5 12. Ne4 e6 13. c4 Nb4 14. Nf4 Nxd3 15. Nxd3 h6 16. Bd2 Qc7 17. Qf3 Nb6 18. Nd6+ Bxd6 19. exd6 Qxd6 20. Qxf7+ Kd8 21. Qxg7 1-0

[Event "CAN-op"]
[Site "Edmonton CAN"]
[Date "2005.07.14"]
[Round "7"]
[White "Corsmeier, Tom"]
[Black "Mrugala, Jonathan"]
[Result "1-0"]
[WhiteElo "1598"]
[BlackElo "1367"]
[PlyCount "111"]
[GameId "2160767910901900"]
[EventDate "2005.07.09"]
[EventType "swiss"]
[EventRounds "10"]
[EventCountry "CAN"]
[SourceTitle "CBM 107 Extra"]
[Source "ChessBase"]
[SourceDate "2005.09.01"]
[SourceVersion "1"]
[SourceVersionDate "2005.09.01"]
[SourceQuality "1"]

1. f4 c6 2. b3 d5 3. Nf3 Bf5 4. e3 e6 5. Bb2 Nd7 6. Be2 Ngf6 7. O-O Qb6 8. Ne5 Bd6 9. Na3 Bxe5 10. fxe5 Ne4 11. c4 Bg6 12. Nc2 Qc7 13. d4 h5 14. cxd5 exd5 15. Rc1 h4 16. Bg4 O-O-O 17. Nb4 Qa5 18. a3 Ng5 19. h3 Kb8 20. Nd3 Ne4 21. b4 Qa6 22. Nc5 Ndxc5 23. dxc5 Ng3 24. Rf2 Ne4 25. Rf4 Ng3 26. Rd4 Ne4 27. Be2 b5 28. cxb6 Qxb6 29. a4 Qc7 30. b5 Ng3 31. bxc6 Nxe2+ 32. Qxe2 Rc8 33. Rb4+ Ka8 34. Rb7 Qxb7 35. cxb7+ Kxb7 36. Qb5+ Ka8 37. Qxd5+ Kb8 38. Qd6+ Ka8 39. Rc7 Rxc7 40. Qxc7 Be4 41. Bd4 Bb7 42. Qxf7 Rc8 43. e6 Rc1+ 44. Kh2 Rc2 45. Qg6 Rc7 46. Bxg7 a5 47. Bd4 Bd5 48. Qe8+ Kb7 49. Qb5+ Kc8 50. Qxd5 Kb8 51. Be5 Ka7 52. Qxa5+ Kb7 53. Qxc7+ Ka6 54. Qb8 Ka5 55. e7 Kxa4 56. e8=Q+ 1-0

[Event "CAN-op"]
[Site "Edmonton CAN"]
[Date "2005.07.14"]
[Round "7"]
[White "Culjaga, Nikolai"]
[Black "Swathi, Ghate"]
[Result "0-1"]
[WhiteElo "1927"]
[BlackElo "2281"]
[PlyCount "88"]
[GameId "2160767910901902"]
[EventDate "2005.07.09"]
[EventType "swiss"]
[EventRounds "10"]
[EventCountry "CAN"]

1. e4 e5 2. f4 exf4 3. Nf3 Ne7 4. d4 d5 5. e5 Ng6 6. Bd3 Be7 7. O-O O-O 8. Nc3 Nc6 9. Ne2 Bg4 10. c3 f5 11. Qc2 Qd7 12. h3 Bxf3 13. Rxf3 Bg5 14. Bxf4 Bxf4 15. Nxf4 Nxf4 16. Rxf4 g6 17. Raf1 Nd8 18. g4 Ne6 19. gxf5 Nxf4 20. Rxf4 Kh8 21. f6 Qxh3 22. Rf2 c5 23. Rh2 Qg3+ 24. Kf1 Rae8 25. Qd2 Qf3+ 26. Kg1 Rf7 27. Rf2 Qh3 28. Rh2 Qd7 29. Kh1 Qg4 30. Rg2 Qf3 31. Bb5 Rc8 32. Be2 Qh3+ 33. Rh2 Qf5 34. Qd1 cxd4 35. Bg4 Qe4+ 36. Kg1 Rc4 37. Be6 Qe3+ 38. Kh1 Qe4+ 39. Kg1 Rf8 40. Re2 Qf3 41. cxd4 Qg3+ 42. Kf1 Rc6 43. Rg2 Qe3 44. Re2 Qf3+ 0-1

[Event "CAN-op"]
[Site "Edmonton CAN"]
[Date "2005.07.14"]
[Round "7"]
[White "Day, Jonathan"]
[Black "Blum, Roger"]
[Result "1-0"]
[WhiteElo "1741"]
[BlackElo "1618"]
[PlyCount "115"]
[GameId "2160767910901903"]
[EventDate "2005.07.09"]
[EventType "swiss"]
[EventRounds "10"]
[EventCountry "CAN"]
[SourceTitle "CBM 107 Extra"]
[Source "ChessBase"]
[SourceDate "2005.09.01"]
[SourceVersion "1"]
[SourceVersionDate "2005.09.01"]
[SourceQuality "1"]

1. e4 c5 2. Nf3 Nc6 3. Bc4 e5 4. Nc3 Be7 5. a3 d6 6. h3 Nf6 7. d3 h6 8. Bb3 O-O 9. Bd2 Nd4 10. Nxd4 cxd4 11. Nd5 Nh7 12. Qh5 Kh8 13. O-O-O Bg5 14. f4 exf4 15. Nxf4 Nf6 16. Qf3 Nd7 17. Qf2 Bf6 18. Rhf1 Nc5 19. Bc4 Be6 20. Bxe6 Nxe6 21. Ne2 Be5 22. g4 Rc8 23. Kb1 Qc7 24. Rc1 Qe7 25. h4 g5 26. hxg5 hxg5 27. Qf5 Kg7 28. Rf3 Rh8 29. Ng3 Bxg3 30. Rxg3 Rc5 31. Qf2 b6 32. Rf3 a5 33. Rf5 Rh6 34. Rf1 f6 35. Bc1 b5 36. Bd2 b4 37. a4 Re5 38. b3 Rg6 39. Qf3 Rc5 40. Qd1 Rh6 41. Qe2 Rg6 42. Rxc5 Nxc5 43. Rf5 Qc7 44. Rd5 Qb6 45. Qf2 Qc6 46. Qxd4 Nb7 47. Rxg5 Rxg5 48. Bxg5 d5 49. exd5 Qd6 50. Bf4 Qe7 51. g5 Kg6 52. gxf6 Qe1+ 53. Kb2 Kf7 54. d6 Nd8 55. Qe5 Qxe5+ 56. Bxe5 Ke6 57. d4 Nc6 58. d5+ 1-0

[Event "CAN-op"]
[Site "Edmonton CAN"]
[Date "2005.07.14"]
[Round "7"]
[White "Deimert, Elroy"]
[Black "Belleau, David"]
[Result "0-1"]
[WhiteElo "1666"]
[BlackElo "1911"]
[PlyCount "72"]
[GameId "2160767910901904"]
[EventDate "2005.07.09"]
[EventType "swiss"]
[EventRounds "10"]
[EventCountry "CAN"]
[SourceTitle "CBM 107 Extra"]
[Source "ChessBase"]
[SourceDate "2005.09.01"]
[SourceVersion "1"]
[SourceVersionDate "2005.09.01"]
[SourceQuality "1"]

1. e4 c5 2. Nf3 d6 3. d4 cxd4 4. c3 Nf6 5. e5 dxe5 6. Nxe5 e6 7. Bb5+ Nbd7 8. Qxd4 Be7 9. O-O O-O 10. Nxd7 Bxd7 11. Ba4 e5 12. Qd1 b5 13. Bc2 Qc7 14. Bg5 Bg4 15. Qd3 e4 16. Qg3 Qxg3 17. hxg3 Bf5 18. Re1 Rfe8 19. Nd2 Rad8 20. Rad1 Bg4 21. Rc1 h6 22. Bxf6 Rxd2 23. Bxe7 Rxe7 24. Bxe4 Rxb2 25. f3 Be6 26. Rcd1 g6 27. Bd5 Kg7 28. Bb3 Bxb3 29. axb3 Rxe1+ 30. Rxe1 Rxb3 31. Ra1 Rxc3 32. Rxa7 b4 33. Ra1 b3 34. Rb1 Kf6 35. f4 Rxg3 36. Kf2 Rc3 0-1

[Event "CAN-op"]
[Site "Edmonton CAN"]
[Date "2005.07.14"]
[Round "7"]
[White "Dewindt, Cor"]
[Black "MacFarlane, Donald"]
[Result "0-1"]
[WhiteElo "1414"]
[BlackElo "1479"]
[PlyCount "60"]
[GameId "2160767910901905"]
[EventDate "2005.07.09"]
[EventType "swiss"]
[EventRounds "10"]
[EventCountry "CAN"]
[SourceTitle "CBM 107 Extra"]
[Source "ChessBase"]
[SourceDate "2005.09.01"]
[SourceVersion "1"]
[SourceVersionDate "2005.09.01"]
[SourceQuality "1"]

1. e4 e5 2. f4 exf4 3. Nf3 Nf6 4. Nc3 Bc5 5. d4 Bb6 6. Bxf4 d6 7. Bc4 Bg4 8. O-O Nc6 9. Bxf7+ Kxf7 10. Ng5+ Kg6 11. Nf3 Bxd4+ 12. Kh1 Bxc3 13. Nh4+ Kf7 14. Nf3 Bd4 15. Ng5+ Kg6 16. Qd3 Be5 17. h3 h6 18. Nf3 Be6 19. Bxe5 Nxe5 20. Nxe5+ dxe5 21. Qg3+ Kh7 22. Qxe5 Re8 23. Rad1 Qc8 24. Rd2 Bxh3 25. Qc3 Bd7 26. Rdf2 Nxe4 27. Qd3 Kh8 28. Rf4 Bc6 29. Rf7 Ng5 30. Qg6 Qh3+ 0-1

[Event "CAN-op"]
[Site "Edmonton CAN"]
[Date "2005.07.14"]
[Round "7"]
[White "Fairbairn, Stephen"]
[Black "Culjaga, Marko"]
[Result "1-0"]
[WhiteElo "2022"]
[BlackElo "1435"]
[PlyCount "61"]
[GameId "2160767910901906"]
[EventDate "2005.07.09"]
[EventType "swiss"]
[EventRounds "10"]
[EventCountry "CAN"]
[SourceTitle "CBM 107 Extra"]
[Source "ChessBase"]
[SourceDate "2005.09.01"]
[SourceVersion "1"]
[SourceVersionDate "2005.09.01"]
[SourceQuality "1"]

1. c4 e5 2. Nc3 Nf6 3. Nf3 d6 4. g3 c6 5. d3 Be7 6. Bg2 O-O 7. O-O Bg4 8. h3 Bh5 9. Rb1 Nbd7 10. Nh2 h6 11. b4 Qc7 12. b5 Rab8 13. Be3 c5 14. Qd2 Nb6 15. a4 Bg6 16. a5 Nxc4 17. dxc4 Bxb1 18. Rxb1 Qxa5 19. Nd5 Qxd2 20. Nxe7+ Kh8 21. Bxd2 Rfe8 22. Nd5 Nxd5 23. Bxd5 f6 24. Ra1 a6 25. bxa6 bxa6 26. Rxa6 Rb2 27. Be3 Rxe2 28. Rxd6 Rc8 29. Nf3 Ra2 30. Rd7 Rca8 31. Bxa8 1-0

[Event "CAN-op"]
[Site "Edmonton CAN"]
[Date "2005.07.14"]
[Round "7"]
[White "Gillanders, Robert"]
[Black "Klein, Gernot"]
[Result "1-0"]
[WhiteElo "1765"]
[BlackElo "2023"]
[PlyCount "53"]
[GameId "2160767910901908"]
[EventDate "2005.07.09"]
[EventType "swiss"]
[EventRounds "10"]
[EventCountry "CAN"]
[SourceTitle "CBM 107 Extra"]
[Source "ChessBase"]
[SourceDate "2005.09.01"]
[SourceVersion "1"]
[SourceVersionDate "2005.09.01"]
[SourceQuality "1"]

1. d4 d5 2. Nf3 c6 3. e3 Bf5 4. Bd3 Bxd3 5. Qxd3 Nf6 6. O-O e6 7. b3 Bd6 8. c4 O-O 9. Nbd2 Nbd7 10. Bb2 Re8 11. Ne5 Bxe5 12. dxe5 Nc5 13. Qe2 Nfd7 14. Rad1 a5 15. f4 Qb8 16. e4 dxe4 17. Nxe4 Nxe4 18. Rxd7 Nc5 19. Rd6 f5 20. Rfd1 Qc7 21. Qe3 Ne4 22. Rd7 Qb8 23. g4 Qa7 24. Qxa7 Rxa7 25. gxf5 exf5 26. Rc7 Re6 27. Rd8+ 1-0

[Event "CAN-op"]
[Site "Edmonton CAN"]
[Date "2005.07.14"]
[Round "7"]
[White "Gluckie, Jamin"]
[Black "Gardner, Robert"]
[Result "0-1"]
[WhiteElo "1907"]
[BlackElo "2221"]
[PlyCount "80"]
[GameId "2160767910901909"]
[EventDate "2005.07.09"]
[EventType "swiss"]
[EventRounds "10"]
[EventCountry "CAN"]
[SourceTitle "CBM 107 Extra"]
[Source "ChessBase"]
[SourceDate "2005.09.01"]
[SourceVersion "1"]
[SourceVersionDate "2005.09.01"]
[SourceQuality "1"]

1. d4 Nf6 2. c4 e6 3. Nc3 Bb4 4. Qc2 O-O 5. e4 d5 6. e5 Ne4 7. Bd3 c5 8. cxd5 exd5 9. Nge2 cxd4 10. Nxd4 Nd7 11. f4 Qh4+ 12. g3 Qh3 13. Bf1 Qh5 14. Bg2 Ndc5 15. O-O Bxc3 16. bxc3 Bh3 17. f5 Bxg2 18. Qxg2 Nd3 19. g4 Qh4 20. f6 Nxc1 21. fxg7 Rfe8 22. Nf5 Qg5 23. Raxc1 Rxe5 24. c4 Nf6 25. h4 Qg6 26. cxd5 Nxg4 27. Rf4 Rxf5 28. Rxg4 Qb6+ 29. Kh1 Rf2 30. Qg3 Qb2 31. Rgc4 Re8 32. d6 Qe2 33. Rg1 Qxc4 34. Qxf2 Qd5+ 35. Rg2 Qxd6 36. Qxa7 Re1+ 37. Rg1 Qd5+ 38. Kh2 Re2+ 39. Kg3 Qd3+ 40. Kf4 Re4+ 0-1

[Event "CAN-op"]
[Site "Edmonton CAN"]
[Date "2005.07.14"]
[Round "7"]
[White "Gonzalez, Ivan1"]
[Black "Camphaug, Lincoln"]
[Result "1-0"]
[WhiteElo "1839"]
[BlackElo "1602"]
[PlyCount "39"]
[GameId "2160767910901910"]
[EventDate "2005.07.09"]
[EventType "swiss"]
[EventRounds "10"]
[EventCountry "CAN"]
[SourceTitle "CBM 107 Extra"]
[Source "ChessBase"]
[SourceDate "2005.09.01"]
[SourceVersion "1"]
[SourceVersionDate "2005.09.01"]
[SourceQuality "1"]

1. d4 Nf6 2. c4 c5 3. e3 e6 4. Nf3 Be7 5. g3 O-O 6. Bg2 d5 7. cxd5 cxd4 8. dxe6 dxe3 9. exf7+ Rxf7 10. Qxd8+ Bxd8 11. Bxe3 Re7 12. O-O Nc6 13. Nc3 h6 14. Nh4 Re8 15. Ng6 Bf5 16. Nf4 Nb4 17. Rad1 Nc6 18. Nb5 Bg4 19. Rc1 Bd7 20. Nd6 1-0

[Event "CAN-op"]
[Site "Edmonton CAN"]
[Date "2005.07.14"]
[Round "7"]
[White "Greber, Caitlin"]
[Black "Pradzinski, Stephanie"]
[Result "1-0"]
[WhiteElo "1060"]
[BlackElo "867"]
[PlyCount "29"]
[GameId "2160767910901911"]
[EventDate "2005.07.09"]
[EventType "swiss"]
[EventRounds "10"]
[EventCountry "CAN"]
[SourceTitle "CBM 107 Extra"]
[Source "ChessBase"]
[SourceDate "2005.09.01"]
[SourceVersion "1"]
[SourceVersionDate "2005.09.01"]
[SourceQuality "1"]

1. e4 e5 2. Nf3 Nc6 3. Bc4 Nf6 4. Nc3 Qe7 5. O-O g6 6. d3 Bg7 7. Bg5 h6 8. Bxf6 Bxf6 9. Nd5 Qd8 10. Nxf6+ Qxf6 11. c3 Qd8 12. d4 f6 13. dxe5 fxe5 14. Qd5 Ne7 15. Qf7# 1-0

[Event "CAN-op"]
[Site "Edmonton CAN"]
[Date "2005.07.14"]
[Round "7"]
[White "Grumic, Sasha"]
[Black "Reeve, Jeff"]
[Result "1-0"]
[WhiteElo "2087"]
[BlackElo "2364"]
[PlyCount "77"]
[GameId "2160767910901912"]
[EventDate "2005.07.09"]
[EventType "swiss"]
[EventRounds "10"]
[EventCountry "CAN"]
[SourceTitle "CBM 107 Extra"]
[Source "ChessBase"]
[SourceDate "2005.09.01"]
[SourceVersion "1"]
[SourceVersionDate "2005.09.01"]
[SourceQuality "1"]

1. e4 c5 2. Nf3 Nc6 3. Bc4 e6 4. Qe2 a6 5. c3 Qc7 6. O-O Na5 7. Bd3 d6 8. Bc2 Be7 9. d4 Nf6 10. e5 dxe5 11. dxe5 Nd5 12. Nbd2 Bd7 13. Rd1 O-O-O 14. Ne4 Bb5 15. Qe1 h6 16. b3 Be8 17. a3 Nc6 18. c4 Nb6 19. Rxd8+ Nxd8 20. Bb2 Bc6 21. Nd6+ Kb8 22. Qe3 Nd7 23. Rd1 f5 24. b4 cxb4 25. axb4 Bxf3 26. gxf3 g5 27. c5 Rg8 28. Ba4 Nc6 29. Bc3 Nf8 30. b5 axb5 31. Bxb5 Ng6 32. Nc4 f4 33. Qe4 Bxc5 34. Rb1 Kc8 35. Kf1 h5 36. Ra1 Kd7 37. Ba5 Qc8 38. Bb6 Qf8 39. Ra7 1-0

[Event "CAN-op"]
[Site "Edmonton CAN"]
[Date "2005.07.14"]
[Round "7"]
[White "Haessel, Dale"]
[Black "Graves, Charles"]
[Result "1-0"]
[WhiteElo "2230"]
[BlackElo "2000"]
[PlyCount "115"]
[GameId "2160767910901913"]
[EventDate "2005.07.09"]
[EventType "swiss"]
[EventRounds "10"]
[EventCountry "CAN"]
[SourceTitle "CBM 107 Extra"]
[Source "ChessBase"]
[SourceDate "2005.09.01"]
[SourceVersion "1"]
[SourceVersionDate "2005.09.01"]
[SourceQuality "1"]

1. c4 f5 2. g3 Nf6 3. Bg2 e6 4. d3 d5 5. Nf3 c6 6. O-O g6 7. b3 Bg7 8. Bb2 O-O 9. Nbd2 h6 10. Qc2 Bd7 11. e4 dxe4 12. dxe4 Nh7 13. Ne5 Be8 14. f4 Nd7 15. Ndf3 c5 16. Rad1 Qc7 17. Nxd7 Bxd7 18. Ne5 Be8 19. Rfe1 Nf6 20. Rd2 Nd7 21. exf5 gxf5 22. Rde2 Rd8 23. Nxd7 Bxd7 24. Bxg7 Kxg7 25. Qc3+ Kg6 26. Qe5 Qxe5 27. Rxe5 b6 28. Rd1 Bc8 29. Ree1 Kf6 30. Kf2 Ke7 31. h3 Rxd1 32. Rxd1 Rd8 33. Rxd8 Kxd8 34. g4 fxg4 35. hxg4 Ke7 36. Kg3 Bd7 37. Be4 Kf6 38. Kh4 Be8 39. a3 Bd7 40. Kh5 Kg7 41. g5 hxg5 42. fxg5 a5 43. Kg4 e5+ 44. Kh5 a4 45. bxa4 Bxa4 46. Kg4 Bb3 47. Bd3 e4 48. Bf1 Bd1+ 49. Kf4 Bf3 50. Bh3 Be2 51. Be6 b5 52. cxb5 Bxb5 53. Bf5 e3 54. Kxe3 Bc4 55. a4 Bd5 56. a5 Bb7 57. Bd3 Bc8 58. a6 1-0

[Event "CAN-op"]
[Site "Edmonton CAN"]
[Date "2005.07.14"]
[Round "7"]
[White "Hagan, Jeff"]
[Black "Wihnon, Jason"]
[Result "0-1"]
[WhiteElo "1538"]
[BlackElo "1723"]
[PlyCount "100"]
[GameId "2160767910901914"]
[EventDate "2005.07.09"]
[EventType "swiss"]
[EventRounds "10"]
[EventCountry "CAN"]
[SourceTitle "CBM 107 Extra"]
[Source "ChessBase"]
[SourceDate "2005.09.01"]
[SourceVersion "1"]
[SourceVersionDate "2005.09.01"]
[SourceQuality "1"]

1. d4 Nf6 2. c4 g6 3. Nc3 d5 4. e3 Bg7 5. Bd3 O-O 6. b3 c5 7. Nge2 Nc6 8. dxc5 dxc4 9. Bxc4 Qa5 10. Bd2 Qxc5 11. Na4 Qg5 12. Ng3 Rd8 13. h4 Qe5 14. Rc1 Bg4 15. Be2 Bxe2 16. Qxe2 Qd6 17. Nc5 Qb8 18. Nce4 Nxe4 19. Nxe4 Qe5 20. Nc3 Nb4 21. O-O Nd3 22. Rb1 Rac8 23. f4 Qc5 24. Ne4 Qa3 25. Nf2 Nxf2 26. Qxf2 Qxa2 27. Bb4 Rc2 28. Qf3 a5 29. Bxa5 Qxa5 30. Qxb7 Qa8 31. Qxa8 Rxa8 32. Rf2 Rxf2 33. Kxf2 Ra1 34. Rxa1 Bxa1 35. g4 Kf8 36. h5 Ke8 37. hxg6 hxg6 38. Kf3 f6 39. Ke4 Kd7 40. Kd5 Bc3 41. e4 Bd2 42. e5 Bxf4 43. exf6 exf6 44. b4 Ke7 45. b5 f5 46. gxf5 gxf5 47. b6 Kf6 48. b7 Kg5 49. Kd4 Kg4 50. Kd5 Bb8 0-1

[Event "CAN-op"]
[Site "Edmonton CAN"]
[Date "2005.07.14"]
[Round "7"]
[White "Hendon, Lee"]
[Black "Lawson, Bianca"]
[Result "1-0"]
[WhiteElo "1544"]
[BlackElo "1327"]
[PlyCount "116"]
[GameId "2160767910901916"]
[EventDate "2005.07.09"]
[EventType "swiss"]
[EventRounds "10"]
[EventCountry "CAN"]
[SourceTitle "CBM 107 Extra"]
[Source "ChessBase"]
[SourceDate "2005.09.01"]
[SourceVersion "1"]
[SourceVersionDate "2005.09.01"]
[SourceQuality "1"]

1. e4 e5 2. Nf3 Nc6 3. Bc4 Bc5 4. c3 d6 5. d4 Bb6 6. dxe5 dxe5 7. Qxd8+ Kxd8 8. Bxf7 Nf6 9. Bg5 Bg4 10. Nbd2 Kd7 11. O-O-O Bxf2 12. Nc4+ Kc8 13. Rd2 Nxe4 14. Re2 Bxf3 15. Be6+ Kb8 16. gxf3 Nxg5 17. Nxe5 Nxe5 18. Rxe5 Nxf3 19. Rf5 Be3+ 20. Kc2 Nh4 21. Rd5 a6 22. Rd7 g6 23. Rf1 Bb6 24. Rff7 h5 25. c4 Re8 26. Bd5 Re2+ 27. Kb3 a5 28. c5 a4+ 29. Kc3 Ba5+ 30. Kd3 Rxb2 31. c6 bxc6 32. Bxc6 Rd2+ 33. Kc4 Rxd7 34. Rf8+ Ka7 35. Rxa8+ Kb6 36. Bxd7 Nf3 37. Bc8 Ne5+ 38. Kd5 Bc3 39. Rxa4 Kb5 40. Re4 c6+ 41. Ke6 Ng4 42. h4 Bf6 43. Rxg4 hxg4 44. Kxf6 g3 45. Bh3 c5 46. Kg5 c4 47. Kf4 c3 48. Ke3 Kc4 49. Ke2 Kc5 50. Kd3 Kb4 51. Bg2 Ka3 52. Kxc3 Kxa2 53. Kd4 Kb2 54. Ke5 Kc2 55. Kf6 Kd2 56. Kxg6 Ke2 57. Ba8 Ke3 58. h5 Kf4 1-0